1416 1193 1716 1299 1412 1401 1558 1362 1710 1742 1878 1143 1668 1084 1923 1657 1238 1539 1915 1125 1262 1584 1273 1765 1423 1751 1461 1418 1981 1220 1604 1241 1728 1796 1618 1969 1448 1701 1498 1704 1972 1222 1349 1562 1142 1232 1659 1588 1253 1028 1305 1752 1549 1474 1918 1968 1633 1323 1830 1312 1666 1717 1017 1711 1688 1142 1736 1746 1347 1331 1399 1154 1488 1014 1361 1289 1871 1352 1311 1159 1802 1993 1196 1822 1960 1808 1451 1391 1440 1257 1733 1829 1553 1492 1243 1864 1953 1583 1594 BCNSPRNW ULIB Ver.6.0+V

เปลี่ยนเป็นภาษาไทย

Change to English
 แสดงรายละเอียดบรรณานุกรม
  กลับหน้าหลัก

Brief Record : Get Marc (ISO 2709) : E-mail record : QR code < ปิดหน้าต่าง
LEADER : 00000nam 2200000uu 4500
001    13399113065
003     ULIB
008    110922s2551||||th 000 0 tha d
020    9749106466
050 04 PE1130^bป179ค 2549
100 0  ประเพศ ไกรจันทร์
245 10 คู่มือการเรียน Tenses =^bHandbook of learning tenses /^cประเพศ ไกรจันทร์
246 31 Handbook of learning tenses
250    พิมพ์ครั้งที่ 5
260    กรุงเทพฯ :^bพี. เอส. เพรส,^c2551
300    178 หน้า ;^c27 ซม
650  7 ภาษาอังกฤษ^xกาล (ไวยากรณ์)
650  7 ภาษาอังกฤษ^xไวยากรณ์
945    ^p140^l0^i021482
945    ^p140^l0^i021483
995    ทศพร
999 ^a ทศพร
รายการนี้ยังไม่มีแท็ก
คุณยังไม่ได้ล็อกอิน คุณสามารถมีกิจกรรมร่วมกับเว็บไซต์ได้ แต่ต้องล็อกอินก่อน ::
  ล็อกอิน

รายการสื่อสารสนเทศ

ลำดับที่ ประเภท เลขเรียก/บาร์โค้ด สถานที่ สถานะ
- ไม่พบข้อมูล -

รายการใกล้เคียง
    ผู้แต่ง [ประเพศ ไกรจันทร์]

BibComment


ยังไม่เคยถูกคอมเมนท์

คอมเมนท์ทรัพยากรรายการนี้
  คอมเมนท์: คู่มือการเรียน Te..


 Copyright 2026. Bcnsprnw @Library